000 00869nam a2200289 4500
001 0000015735
003 CO-CtgCURN
005 20250331191048.0
007 ta
008 160627s1995 000 0 eng d
020 _a9589442013
040 _aCO-CtgCURN
_bspa
_ccoctgcurn
082 0 _a923.9
_bN689
100 1 _aNoguera Barreneche, Rodrigo.
245 1 0 _aRodrigo de Bastidas /
_cRodrigo Noguera Barreneche.
250 _a2a ed.
260 _aBogotá :
_bInstitucion Universitaria Sergio Arboleda,
_c1995.
300 _a110 p.
336 _2rdacontent
337 _2rdamedia
_asin mediacion
_bn
338 _2rdacarrier
_avolumen
_bnc
490 1 _aSerie Minor ;
_vNo.5
600 1 0 _aBastidas, Rodrigo de,
_d1465-1527.
908 _a160627
942 _cBK
_h923.9
_iN689
_2ddc
999 _c26093
_d26093